Thou Shalt not Kill : A Political and Theological Dialogue /

Guardat en:
Dades bibliogràfiques
Autor principal: Cavarero, Adriana (autor)
Altres autors: Scola, Angelo (autor) (autor)
Format: Llibre
Idioma:anglès
Publicat: Nueva York, EUA : Fordham University, 2015, c2015
Col·lecció:(Commonalities)
Matèries:
Etiquetes: Afegir etiqueta
Sense etiquetes, Sigues el primer a etiquetar aquest registre!

MARC

LEADER 00000nam^a2200000^a^4500
001 000395107
005 20250521000000.0
009 20260310121353.223
020 |a 978-0-8232-6735-4 
037 |a Acervo ITESO - Biblioteca 
041 |a ING 
082 |a 179. 7  |b CAV 
100 |a Cavarero, Adriana  |e (autor) 
245 1 0 |a Thou Shalt not Kill :  |b A Political and Theological Dialogue /  |c A. Cavarero, A. Scola ; tr. por Margaret Adams Groesbeck, Adam Sitze. 
264 4 |a Nueva York, EUA :  |b Fordham University,  |c 2015, c2015 
300 |a VI, 133 p. 
336 |a texto  |b txt  |2 rdacontenido 
337 |a sin mediación  |b n  |2 rdamedio 
338 |a volumen  |b nc  |2 rdasoporte 
440 1 |a (Commonalities) 
500 |a Traducción de: Non uccidere 
521 |a Peticiones 2017 
649 |a XX 
650 |a Asesinato -  |x Aspectos Eticos -  |x Tema Principal 
650 |a Diez Mandamientos -  |x Tema Principal 
650 |a Etica Cristiana 
650 |a Etica y Religión 
650 |a Derecho y Etica 
650 |a Etica Política 
650 |a Teología 
650 |a Filosofía 
700 |a Scola, Angelo  |e (autor) 
910 |a Fondo General 
920 |a Impresos - Libros 
930 |a Colección General 
905 |a 101 
901 |a 0500290378  |b IT1  |c ACC  |i C155734  |u 20250521 
902 |a https://opac.biblio.iteso.mx/vufind/Record/000395107